000 00414nam a2200181Ia 4500
005 20240823051639.0
008 240823s9999||||xx |||||||||||||| ||und||
041 _aENGLISH
082 _A812.6 M6
100 _aRaghukul Tilak
245 0 _aT S Eliot The Family Reunion
250 _a4th
260 _c1986
_bRama Bro
500 _aTRANSFERED
650 _aGeneral
_bGeneral
942 _cBK
999 _c220060
_d220060